| 000 | 00423nam a22001577a 4500 | ||
|---|---|---|---|
| 008 | 230327b |||||||| |||| 00| 0 eng d | ||
| 040 |
_aNational Science Library _cNational Science Library |
||
| 080 |
_aD 681.31 _bN3 |
||
| 100 |
_aRajaraman, V _93643 |
||
| 245 | _aSupercomputers | ||
| 260 |
_aLondon: _bWiley Eastern Limited, _c1993 |
||
| 300 | _a106p. | ||
| 650 | _aComputer | ||
| 653 | _aSoftware | ||
| 942 |
_2udc _cBK |
||
| 999 |
_c15264 _d15264 |
||